Kinetics of reversion process in NR vulcanisation (Record no. 61873)

MARC details
000 -LEADER
fixed length control field 00484nam a2200193Ia 4500
100 ## - MAIN ENTRY--AUTHOR NAME
Personal name Chen H
245 #0 - TITLE STATEMENT
Title Kinetics of reversion process in NR vulcanisation
260 ## - PUBLICATION, DISTRIBUTION, ETC. (IMPRINT)
Name of publisher China Rubber Industry
Year of publication 2000
300 ## - PHYSICAL DESCRIPTION
Number of Pages 195-200
500 ## - GENERAL NOTE
General note Source Year: 2000
650 ## - SUBJECT ADDED ENTRY--TOPICAL TERM
Topical Term NR vulcanisation
650 ## - SUBJECT ADDED ENTRY--TOPICAL TERM
Topical Term Reversion mechanism
700 ## - ADDED ENTRY--PERSONAL NAME
Personal name Ru Liang F
700 ## - ADDED ENTRY--PERSONAL NAME
Personal name Yin Xi Z
700 ## - ADDED ENTRY--PERSONAL NAME
Personal name Yong Z
856 ## - ELECTRONIC LOCATION AND ACCESS
Uniform Resource Identifier RAPRA
942 ## - ADDED ENTRY ELEMENTS (KOHA)
Koha item type Journals
Holdings
Withdrawn status Lost status Damaged status Not for loan Home library Current library Shelving location Date acquired Serial Enumeration / chronology Koha item type
      Journals RRII Library RRII Library Rubber chemistry 17/12/2021 Volume 47, Issue 4 Journals